书目信息 |
| 题名: |
文化自信与民族复兴
|
|
| 作者: | ;北京知行合一阳明教育研究院 编 | |
| 分册: | ||
| 出版信息: | 北京 机械工业出版社 2018 |
|
| 页数: | 183页 | |
| 开本: | 25cm | |
| 丛书名: | ||
| 单 册: | ||
| 中图分类: | F279.23-53 | |
| 科图分类: | ||
| 主题词: | 企业责任--中国--文集 | |
| 电子资源: | ||
| ISBN: | 978-7-111-59185-6 | |
| 000 | 01085nam0 2200241 450 | |
| 001 | 012001002640 | |
| 005 | 20140926114739.0 | |
| 010 | @a978-7-111-59185-6@dCNY56.00 | |
| 100 | @a20180412d2018 em y0chiy50 ea | |
| 101 | 0 | @achi |
| 102 | @aCN@b110000 | |
| 105 | @aa z 000yy | |
| 106 | @ar | |
| 200 | 1 | @a文化自信与民族复兴@9wen hua zi xin yu min zu fu xing@e企业家致良知(雁栖湖)论坛纪实@f北京知行合一阳明教育研究院编 |
| 210 | @a北京@c机械工业出版社@d2018 | |
| 215 | @a183页@c照片@d25cm | |
| 330 | @a本书是以致良知四合院创始人白立新、正和岛创始人刘东华等为代表的企业家、教育从业者等,在学习中国传统文化——阳明心学之中的学习体悟,以及他们用传统文化经营企业的商业实践。全书包括商业实践、传承实践、教育实践、扶贫案例、可学而至五个板块。 | |
| 517 | 1 | @a企业家致良知(雁栖湖)论坛纪实@9qi ye jia zhi liang zhi(yan qi hu)lun tan ji shi |
| 606 | 0 | @a企业责任@y中国@j文集 |
| 690 | @aF279.23-53@v5 | |
| 711 | 02 | @a北京知行合一阳明教育研究院@9bei jing zhi xing he yi yang ming jiao yu yan jiu yuan@4编 |
| 801 | 0 | @aCN@b上海新华@c20180901 |
| 905 | @b1153338-42@dF279.23-53@e1562@f5 | |
| 文化自信与民族复兴:企业家致良知(雁栖湖)论坛纪实/北京知行合一阳明教育研究院编.-北京:机械工业出版社,2018 |
| 183页:照片;25cm |
| ISBN 978-7-111-59185-6:CNY56.00 |
| 本书是以致良知四合院创始人白立新、正和岛创始人刘东华等为代表的企业家、教育从业者等,在学习中国传统文化——阳明心学之中的学习体悟,以及他们用传统文化经营企业的商业实践。全书包括商业实践、传承实践、教育实践、扶贫案例、可学而至五个板块。 |
| ● |
| 相关链接 |
|
|
|
|
正题名:文化自信与民族复兴
索取号:F279.23-53/1562
 
预约/预借
| 序号 | 登录号 | 条形码 | 馆藏地/架位号 | 状态 | 备注 |
| 1 | 1153338 | 211533385 | 第一样本阅览室/ [索取号:F279.23-53/1562] | 在馆 | |
| 2 | 1153339 | 211533394 | 第一借阅区/ [索取号:F279.23-53/1562] | 在馆 | |
| 3 | 1153340 | 211533401 | 第一借阅区/ [索取号:F279.23-53/1562] | 在馆 | |
| 4 | 1153341 | 211533410 | 第一借阅区/ [索取号:F279.23-53/1562] | 在馆 | |
| 5 | 1153342 | 211533429 | 密集书库-资源管理系/ [索取号:F279.23-53/1562] | 在馆 |